书目信息 |
| 题名: |
平顶山经济统计年鉴1991
|
|
| 作者: | 平顶山市统计局 | |
| 分册: | ||
| 出版信息: | 1991.10 |
|
| 页数: | 527页 | |
| 开本: | 16开 | |
| 丛书名: | ||
| 单 册: | ||
| 中图分类: | C832.613 , F127.613 | |
| 科图分类: | ||
| 主题词: | 经济--中国 | |
| 电子资源: | ||
| ISBN: | ||
| 000 | 00616nam0 2200205 45 | |
| 001 | 0011010718 | |
| 005 | 20120406145659.21 | |
| 010 | @d31.50元 | |
| 100 | @a20001101d1991 km y0chiy0120 ea | |
| 101 | 0 | @achi |
| 105 | @a z 000yy | |
| 200 | 1 | @a平顶山经济统计年鉴1991@APing Ding Shan Jing Ji Tong Ji Nian Jian 1991@f平顶山市统计局@Fping ding shan shi tong ji ju |
| 210 | @d1991.10 | |
| 215 | @a527页@d16开 | |
| 606 | 0 | @a经济@x中国 |
| 690 | @aC832.613@v3 | |
| 690 | @aF127.613@v4 | |
| 701 | 0 | @a平顶山市统计局@Aping ding shan shi tong ji ju |
| 801 | @aCN@bPftUser@c20001101 | |
| 905 | @b196033@dF127.613@eP716@f1 | |
| 平顶山经济统计年鉴1991/平顶山市统计局.-1991.10 |
| 527页;16开 |
| ISBN :31.50元 |
| ● |
| 相关链接 |
|
|
|
正题名:平顶山经济统计年鉴1991
索取号:F127.613/P716
 
预约/预借
| 序号 | 登录号 | 条形码 | 馆藏地/架位号 | 状态 | 备注 |
| 1 | 196033 | 201960333 | 特藏库/ [索取号:F127.613/P716] | 在馆 |